[Event "Campeonato de Europa 2011 Femenino"]
[Site "Tbilisi GEO"]
[Date "2011.05.15"]
[Round "8.44"]
[White "Fakhiridou, Ekaterini"]
[Black "Khalafova, Narmin Ilgar qizi"]
[Result "1/2-1/2"]
[WhiteElo "2225"]
[BlackElo "2065"]
[PlyCount "96"]
[EventDate "2011.05.07"]
[EventType "swiss"]
[EventRounds "11"]
[EventCountry "GEO"]
[Source "lmi"]
[SourceDate "2011.05.07"]

1. e4 c5 2. b3 a6 3. Bb2 Nc6 4. Nf3 d6 5. g3 Nf6 6. d3 g6 7. Bg2 Bg7 8. O-O O-O
9. Nbd2 Rb8 10. Re1 b5 11. Qc1 e5 12. Nf1 Bd7 13. Bc3 Nh5 14. Bd2 f5 15. exf5
gxf5 16. Bg5 Qe8 17. Bh6 Qg6 18. Bxg7 Qxg7 19. Qg5 Qxg5 20. Nxg5 Nd4 21. Rac1
b4 22. Nd2 Rf6 23. c3 Nc6 24. Nc4 h6 25. Nf3 Ng7 26. Ne3 bxc3 27. Nd5 Rff8 28.
Rxc3 Ne6 29. Nd2 Ned4 30. Nc4 Nb5 31. Rcc1 Kg7 32. f4 Be6 33. Nce3 Bxd5 34.
Nxd5 Nbd4 35. Kf2 a5 36. Rc4 exf4 37. gxf4 Rbe8 38. Rxe8 Rxe8 39. Bf1 Nb4 40.
Ne3 Nxa2 41. Ra4 Nc1 42. Rxa5 Ncxb3 43. Ra6 Rd8 44. Rb6 Kf6 45. Bg2 Nc1 46.
Nd5+ Kg6 47. Bf1 Ncb3 48. Bg2 Nc1 1/2-1/2

[Event "Campeonato de Europa 2011 Femenino"]
[Site "Tbilisi GEO"]
[Date "2011.05.15"]
[Round "8.46"]
[White "Tereladze, Sopiko"]
[Black "Jalabadze, Natia"]
[Result "1/2-1/2"]
[WhiteElo "2177"]
[BlackElo "2052"]
[PlyCount "44"]
[EventDate "2011.05.07"]
[EventType "swiss"]
[EventRounds "11"]
[EventCountry "GEO"]
[Source "lmi"]
[SourceDate "2011.05.07"]

1. e4 c5 2. Nf3 d6 3. d4 cxd4 4. Nxd4 Nf6 5. Nc3 Nc6 6. Bc4 Qb6 7. Nb3 e6 8.
Bf4 Ne5 9. Bxe5 dxe5 10. Bb5+ Bd7 11. Bxd7+ Nxd7 12. Qg4 O-O-O 13. O-O h5 14.
Qe2 g5 15. a4 Kb8 16. Rfd1 Be7 17. a5 Qc6 18. Ra4 Nc5 19. Rxd8+ Rxd8 20. Rc4
Qa6 21. h3 Nxb3 22. cxb3 h4 1/2-1/2

[Event "Campeonato de Europa 2011 Femenino"]
[Site "Tbilisi GEO"]
[Date "2011.05.15"]
[Round "8.47"]
[White "Shamatava, Ana"]
[Black "Shaydullina, Sandugach"]
[Result "1-0"]
[WhiteElo "1917"]
[BlackElo "2160"]
[PlyCount "129"]
[EventDate "2011.05.07"]
[EventType "swiss"]
[EventRounds "11"]
[EventCountry "GEO"]
[Source "lmi"]
[SourceDate "2011.05.07"]

1. e4 c5 2. Nf3 Nc6 3. d4 cxd4 4. Nxd4 e5 5. Nb5 d6 6. N1c3 a6 7. Na3 b5 8. Nd5
Nce7 9. c4 Nxd5 10. exd5 f5 11. cxb5 Nf6 12. bxa6 Qa5+ 13. Bd2 Qxd5 14. Nb5
Qe4+ 15. Be2 Kf7 16. f3 Qc6 17. Rc1 Qb6 18. Nc7 Rxa6 19. Nxa6 Bxa6 20. Bxa6
Qxa6 21. Qb3+ d5 22. Rc7+ Kg6 23. Qe3 f4 24. Qa7 Qd3 25. a3 Rg8 26. Rc3 Qb5 27.
g3 d4 28. Rc8 Bb4 29. axb4 Rxc8 30. gxf4 exf4 31. Rg1+ Kf5 32. Qa5 Qxa5 33.
bxa5 g5 34. Ke2 Nd7 35. b4 Re8+ 36. Kf2 Ne5 37. Ra1 Nc4 38. Be1 d3 39. Ra2 Rb8
40. a6 d2 41. Bxd2 Nxd2 42. Rxd2 Rxb4 43. Ra2 Rb8 44. a7 Ra8 45. Ra5+ Ke6 46.
Kg2 Kf6 47. h4 gxh4 48. Kh3 Ke6 49. Kxh4 Kd6 50. Kg5 Kc6 51. Kxf4 Kb6 52. Ra2
Rxa7 53. Rxa7 Kxa7 54. Kg5 Kb6 55. f4 Kc6 56. Kh6 Kd5 57. f5 Ke5 58. Kg5 Kd6
59. Kf6 h5 60. Kg7 Ke5 61. f6 h4 62. f7 Kf4 63. f8=Q+ Kg3 64. Qf1 h3 65. Qh1
1-0

[Event "Campeonato de Europa 2011 Femenino"]
[Site "Tbilisi GEO"]
[Date "2011.05.15"]
[Round "8.48"]
[White "Zhorzholiani, Meri"]
[Black "Mammadova, Aysel Alishiraz Qiz"]
[Result "1-0"]
[WhiteElo "2136"]
[BlackElo "1964"]
[PlyCount "61"]
[EventDate "2011.05.07"]
[EventType "swiss"]
[EventRounds "11"]
[EventCountry "GEO"]
[Source "lmi"]
[SourceDate "2011.05.07"]

1. c4 e5 2. Nc3 Nf6 3. Nf3 Nc6 4. a3 d5 5. cxd5 Nxd5 6. Qc2 Be7 7. e3 O-O 8.
Nxd5 Qxd5 9. Bc4 Qd6 10. h4 Qg6 11. Qxg6 hxg6 12. Bd5 Bd7 13. b4 Bd6 14. Bb2 a5
15. b5 Ne7 16. Bc4 e4 17. Ng5 Bf5 18. Be2 f6 19. Bc4+ Kh8 20. h5 Ng8 21. hxg6+
Nh6 22. Nf7+ Rxf7 23. Bxf7 Be5 24. Bxe5 fxe5 25. Rc1 Rc8 26. Rc5 Bd7 27. Rxe5
c6 28. b6 c5 29. Bd5 c4 30. Re7 Ba4 31. Rxh6+ 1-0

[Event "Campeonato de Europa 2011 Femenino"]
[Site "Tbilisi GEO"]
[Date "2011.05.15"]
[Round "8.49"]
[White "Edes, Zsofia"]
[Black "Vakhania, Alexandra"]
[Result "0-1"]
[WhiteElo "2043"]
[BlackElo "2189"]
[PlyCount "79"]
[EventDate "2011.05.07"]
[EventType "swiss"]
[EventRounds "11"]
[EventCountry "GEO"]
[Source "lmi"]
[SourceDate "2011.05.07"]

1. d4 d5 2. c4 c6 3. Nf3 Nf6 4. e3 g6 5. Nc3 Bg7 6. Be2 O-O 7. O-O dxc4 8. Bxc4
b5 9. Be2 Bb7 10. a3 Nbd7 11. b4 a5 12. Rb1 axb4 13. axb4 Qb8 14. Bb2 Rd8 15.
Qb3 e6 16. Rbc1 Nd5 17. Ng5 Bf8 18. Nxd5 exd5 19. f4 Qd6 20. Bc3 f6 21. Nh3 Re8
22. Bd2 Nb6 23. f5 g5 24. Nf2 Kg7 25. h4 h6 26. hxg5 hxg5 27. Bh5 Nc4 28. Bxe8
Nxd2 29. Qd1 Nxf1 30. Qh5 Qh2+ 31. Kxf1 Qxh5 32. Bxh5 Bxb4 33. Nd3 Ba3 34. Rb1
Rh8 35. g4 Bc8 36. Ra1 b4 37. Nxb4 Bxb4 38. Ra7+ Kf8 39. Rf7+ Kg8 40. Rxf6 0-1

[Event "Campeonato de Europa 2011 Femenino"]
[Site "Tbilisi GEO"]
[Date "2011.05.15"]
[Round "8.50"]
[White "Houska, Jovanka"]
[Black "Martirosyan, Lia"]
[Result "1-0"]
[WhiteElo "2429"]
[BlackElo "2093"]
[PlyCount "129"]
[EventDate "2011.05.07"]
[EventType "swiss"]
[EventRounds "11"]
[EventCountry "GEO"]
[Source "lmi"]
[SourceDate "2011.05.07"]

1. d4 d5 2. c4 e6 3. Nc3 Nf6 4. Bg5 Be7 5. e3 h6 6. Bh4 O-O 7. Nf3 b6 8. Rc1
Bb7 9. cxd5 Nxd5 10. Nxd5 Bxd5 11. Bxe7 Qxe7 12. Qa4 Rc8 13. Be2 c5 14. O-O Nd7
15. Qa3 e5 16. dxc5 Nxc5 17. Qc3 Bxf3 18. Bxf3 e4 19. Be2 a5 20. Rfd1 Rd8 21.
h3 Rxd1+ 22. Rxd1 Rd8 23. Rd4 Qg5 24. Bc4 Qf6 25. Bd5 Re8 26. Qc2 Qe5 27. a3
Ne6 28. Rd2 Nc5 29. Qc4 Qf5 30. b4 axb4 31. axb4 Nd3 32. b5 Nc5 33. Bc6 Re5 34.
Rd8+ Kh7 35. Bd5 Nd3 36. Bxe4 Qxe4 37. Qxe4+ Rxe4 38. Rxd3 Rb4 39. Rd5 Rb2 40.
g4 g6 41. Kg2 Kg7 42. h4 Rb3 43. Kg3 Rb4 44. f4 Rb3 45. Kf3 Rb4 46. h5 gxh5 47.
Rxh5 Rb1 48. Rd5 Rb4 49. Re5 Kf6 50. Rh5 Kg7 51. Rd5 Rb2 52. Ke4 Rb3 53. Kd4
Rb1 54. Ke5 Rb3 55. e4 Rb4 56. Kf5 Rb1 57. e5 Rb4 58. g5 hxg5 59. fxg5 Rb1 60.
Rd7 Kf8 61. Rb7 Rxb5 62. Kf6 Ke8 63. Re7+ Kd8 64. Rxf7 Rb1 65. g6 1-0

[Event "Campeonato de Europa 2011 Femenino"]
[Site "Tbilisi GEO"]
[Date "2011.05.15"]
[Round "8.51"]
[White "Boyard, Marie"]
[Black "Nikoladze, Sopio"]
[Result "0-1"]
[WhiteElo "1989"]
[BlackElo "2278"]
[PlyCount "94"]
[EventDate "2011.05.07"]
[EventType "swiss"]
[EventRounds "11"]
[EventCountry "GEO"]
[Source "lmi"]
[SourceDate "2011.05.07"]

1. e4 e6 2. d4 b6 3. Nc3 Bb7 4. Nf3 Bb4 5. Bd3 Nf6 6. Qe2 d5 7. Bg5 h6 8. Bxf6
Qxf6 9. O-O O-O 10. e5 Qd8 11. Nd1 Qc8 12. c3 Be7 13. Bb1 Ba6 14. Qc2 g6 15.
Re1 c5 16. Qd2 Kg7 17. Ne3 Nc6 18. Ng4 Rh8 19. h4 Qd8 20. a3 h5 21. Ne3 cxd4
22. cxd4 Bxh4 23. b4 Be7 24. Qb2 Bb7 25. Nc2 g5 26. a4 g4 27. Nd2 Bg5 28. Ne3
Qe7 29. b5 Na5 30. Ba2 Rac8 31. Rac1 f5 32. exf6+ Qxf6 33. Rxc8 Rxc8 34. Ndf1
Bf4 35. Qe2 Rf8 36. Bb1 Bd6 37. Qc2 Rf7 38. Ng3 Kf8 39. Nxh5 Qh4 40. Ng3 Bxg3
41. fxg3 Qxg3 42. Re2 Qf4 43. Qg6 g3 44. Qxe6 Re7 45. Qh3 Rxe3 46. Qh8+ Ke7 47.
Qg7+ Kd8 0-1

[Event "Campeonato de Europa 2011 Femenino"]
[Site "Tbilisi GEO"]
[Date "2011.05.15"]
[Round "8.52"]
[White "Lauterbach, Ingrid"]
[Black "Semenova, Elena"]
[Result "0-1"]
[WhiteElo "2100"]
[BlackElo "2188"]
[PlyCount "77"]
[EventDate "2011.05.07"]
[EventType "swiss"]
[EventRounds "11"]
[EventCountry "GEO"]
[Source "lmi"]
[SourceDate "2011.05.07"]

1. e4 e5 2. Bc4 Nf6 3. d3 Nc6 4. Nf3 Be7 5. O-O O-O 6. c3 d6 7. Re1 Na5 8. Bb5
a6 9. Ba4 b5 10. Bc2 c5 11. d4 Qc7 12. Nbd2 cxd4 13. cxd4 Nc6 14. d5 Nb4 15.
Bb1 a5 16. a3 Na6 17. Nf1 Nc5 18. b3 Nh5 19. Ra2 g6 20. b4 axb4 21. axb4 Rxa2
22. Bxa2 Na6 23. Bh6 Re8 24. Qd2 Bf8 25. Be3 Nf6 26. Bg5 Be7 27. Qb2 Bd7 28.
Bb1 Rc8 29. Bd2 Qb7 30. Ne3 Be8 31. Bd3 Nd7 32. Ra1 Nb6 33. Qa2 Nc7 34. Qb3 Bd7
35. h3 Kg7 36. Ne1 Bd8 37. N1c2 Be7 38. Na3 Ra8 39. Rc1 0-1

[Event "Campeonato de Europa 2011 Femenino"]
[Site "Tbilisi GEO"]
[Date "2011.05.15"]
[Round "8.53"]
[White "Khomeriki, Nino"]
[Black "Cherednichenko, Elena"]
[Result "1/2-1/2"]
[WhiteElo "1832"]
[BlackElo "2147"]
[PlyCount "132"]
[EventDate "2011.05.07"]
[EventType "swiss"]
[EventRounds "11"]
[EventCountry "GEO"]
[Source "lmi"]
[SourceDate "2011.05.07"]

1. d4 Nf6 2. g3 d5 3. Bg2 c6 4. Nf3 Bf5 5. b3 h6 6. Bb2 e6 7. Nbd2 Be7 8. O-O
Nbd7 9. Ne5 h5 10. h3 Qc7 11. c4 Nxe5 12. dxe5 Nd7 13. cxd5 exd5 14. Nf3 Be4
15. Rc1 O-O-O 16. Qd4 Kb8 17. b4 Qb6 18. a3 Qxd4 19. Bxd4 Rde8 20. Nd2 Bxg2 21.
Kxg2 Bd8 22. e4 Nxe5 23. exd5 cxd5 24. Rc5 f6 25. Rxd5 Bc7 26. Rc1 Rd8 27.
Rxd8+ Rxd8 28. Nb3 Nc6 29. Bb2 Ne5 30. Nc5 Nd3 31. Nxd3 Rxd3 32. Rc3 Rd2 33.
Bc1 Rd1 34. Bf4 Bxf4 35. gxf4 b6 36. Kg3 g5 37. Rc6 Rd3+ 38. f3 Rxa3 39. Rxf6
gxf4+ 40. Rxf4 Rd3 41. Rc4 Kb7 42. Kf4 b5 43. Re4 Kc6 44. Re7 Rd4+ 45. Kg5 Rxb4
46. Rxa7 h4 47. f4 Kd6 48. f5 Rb3 49. Kxh4 Ke5 50. Kg4 Rb1 51. Re7+ Kf6 52.
Re6+ Kf7 53. Rb6 b4 54. h4 Rg1+ 55. Kf4 Rf1+ 56. Kg5 Rg1+ 57. Kh6 Rf1 58. Rxb4
Rxf5 59. Rg4 Rf6+ 60. Kh7 Rf5 61. Rg5 Rf4 62. h5 Rf6 63. Rg6 Rf5 64. h6 Rf1 65.
Ra6 Rg1 66. Ra7+ Kf8 1/2-1/2

[Event "Campeonato de Europa 2011 Femenino"]
[Site "Tbilisi GEO"]
[Date "2011.05.15"]
[Round "8.54"]
[White "Imnadze, Nato"]
[Black "Alexanian, Nelli"]
[Result "1-0"]
[WhiteElo "1962"]
[BlackElo "2141"]
[PlyCount "99"]
[EventDate "2011.05.07"]
[EventType "swiss"]
[EventRounds "11"]
[EventCountry "GEO"]
[Source "lmi"]
[SourceDate "2011.05.07"]

1. e4 e6 2. d3 b5 3. Nd2 Bb7 4. Ngf3 c5 5. g3 Nf6 6. Bg2 d5 7. Qe2 Be7 8. O-O
Nc6 9. c3 O-O 10. e5 Nd7 11. Re1 b4 12. Nf1 bxc3 13. bxc3 Ba6 14. Qc2 Qa5 15.
a4 Rab8 16. Bd2 c4 17. dxc4 Bxc4 18. Ne3 Bb3 19. Qc1 Qc7 20. Nc2 Ndxe5 21. Bf4
Nxf3+ 22. Bxf3 e5 23. Be3 Na5 24. Nb4 Rbd8 25. Qd2 Nc4 26. Qe2 Bxb4 27. cxb4 d4
28. Bg5 d3 29. Bxd8 Rxd8 30. Qe4 g6 31. Bd1 Bxd1 32. Rexd1 Nb2 33. Rd2 Qc3 34.
Qh4 Rd4 35. Qe7 Nc4 36. Rdd1 d2 37. Qe8+ Kg7 38. Ra2 Re4 39. Kg2 Re1 40. Raxd2
Nxd2 41. Rxe1 Qf3+ 42. Kg1 Qd5 43. Re3 a6 44. Qe7 Qd4 45. Kg2 e4 46. Qc5 Qd7
47. Qc3+ Kg8 48. Re2 Qb7 49. Qe3 Nc4 50. Qxe4 1-0

[Event "Campeonato de Europa 2011 Femenino"]
[Site "Tbilisi GEO"]
[Date "2011.05.15"]
[Round "8.55"]
[White "Bokuchava, Madona"]
[Black "Ghukasyan, Siranush"]
[Result "1-0"]
[WhiteElo "2115"]
[BlackElo "1766"]
[PlyCount "103"]
[EventDate "2011.05.07"]
[EventType "swiss"]
[EventRounds "11"]
[EventCountry "GEO"]
[Source "lmi"]
[SourceDate "2011.05.07"]

1. d4 d5 2. c4 e6 3. Nc3 c6 4. cxd5 exd5 5. Bf4 Bf5 6. e3 Qb6 7. Qd2 Nf6 8.
Nge2 Nbd7 9. Ng3 Bg6 10. Be2 Be7 11. h4 h6 12. h5 Bh7 13. O-O O-O 14. Na4 Qb4
15. Qxb4 Bxb4 16. a3 Be7 17. b4 Rfc8 18. Nc5 Nxc5 19. bxc5 Rd8 20. a4 b6 21.
cxb6 axb6 22. Bc7 Rd7 23. Bxb6 Rb7 24. a5 Nd7 25. Bg4 Nxb6 26. axb6 Rab8 27.
Ra7 Bd8 28. Bd7 Rxb6 29. Be8 f6 30. Rc1 Kf8 31. Bg6 Bg8 32. Nf5 R6b7 33. Rxb7
Rxb7 34. Rxc6 Rc7 35. Ra6 Bf7 36. g3 Rd7 37. Kg2 Kg8 38. Kf3 Kf8 39. g4 Kg8 40.
Ra8 Kf8 41. Ra6 Kg8 42. Nd6 Bxg6 43. hxg6 Kf8 44. Nf7 Ke7 45. Ra8 Bc7 46. Nxh6
Rd8 47. Nf5+ Kf8 48. Ra7 Rd7 49. e4 dxe4+ 50. Kxe4 Ke8 51. d5 Be5 52. Nxg7+ 1-0

[Event "Campeonato de Europa 2011 Femenino"]
[Site "Tbilisi GEO"]
[Date "2011.05.15"]
[Round "8.56"]
[White "Fataliyeva, Ulviyya Hasil qizi"]
[Black "Kakutia, Ada"]
[Result "0-1"]
[WhiteElo "2105"]
[BlackElo "1727"]
[PlyCount "110"]
[EventDate "2011.05.07"]
[EventType "swiss"]
[EventRounds "11"]
[EventCountry "GEO"]
[Source "lmi"]
[SourceDate "2011.05.07"]

1. e4 c5 2. Nf3 d6 3. d4 cxd4 4. Nxd4 Nf6 5. Nc3 a6 6. Be3 e5 7. Nb3 Be6 8. Be2
Be7 9. Nd5 Nbd7 10. Qd3 O-O 11. f3 Rc8 12. c4 Bxd5 13. exd5 e4 14. fxe4 Ne5 15.
Qd4 Nfg4 16. O-O Bf6 17. Bxg4 Nxg4 18. Qd3 Nxe3 19. Qxe3 Rxc4 20. Rf2 Re8 21.
Re1 a5 22. Qd3 Rb4 23. a3 Rb6 24. Nxa5 Rxb2 25. Rxb2 Bxb2 26. Nc4 Be5 27. Rb1
Qc7 28. a4 Qc5+ 29. Kh1 Re7 30. g3 h6 31. Kg2 Rc7 32. Nxe5 dxe5 33. Rb2 Qc1 34.
Rd2 Rc4 35. Qe2 Rxe4 36. Qxe4 Qxd2+ 37. Kh3 Qd4 38. Qxd4 exd4 39. Kg4 g5 40.
Kf3 f5 41. g4 f4 42. Ke4 Kf7 43. Kxd4 Ke7 44. Kd3 Kd6 45. Ke4 b6 46. h3 f3 47.
Kxf3 Kxd5 48. Ke3 Kc4 49. Ke4 Kb4 50. Kf5 Kxa4 51. Kg6 b5 52. Kxh6 b4 53. Kxg5
b3 54. h4 b2 55. Kh6 b1=Q 0-1

[Event "Campeonato de Europa 2011 Femenino"]
[Site "Tbilisi GEO"]
[Date "2011.05.15"]
[Round "8.57"]
[White "Choladze, Mariam"]
[Black "Makka, Ioulia"]
[Result "0-1"]
[WhiteElo "1818"]
[BlackElo "2101"]
[PlyCount "84"]
[EventDate "2011.05.07"]
[EventType "swiss"]
[EventRounds "11"]
[EventCountry "GEO"]
[Source "lmi"]
[SourceDate "2011.05.07"]

1. e4 c6 2. d4 d5 3. Nc3 dxe4 4. Nxe4 Bf5 5. Ng3 Bg6 6. h4 h6 7. Nf3 Nd7 8. h5
Bh7 9. Bd3 Bxd3 10. Qxd3 e6 11. Bd2 Ngf6 12. O-O-O Be7 13. Ne4 Qb6 14. Bf4 Nxe4
15. Qxe4 Nf6 16. Qe2 Qa5 17. Kb1 Nxh5 18. Bd2 Qd5 19. g4 Nf6 20. g5 Ne4 21. g6
Nxd2+ 22. Nxd2 fxg6 23. Nf3 O-O 24. Ne5 g5 25. c4 Qd6 26. Rhe1 Bf6 27. Ng6 Rfe8
28. Qg4 Qd7 29. Ne5 Bxe5 30. Rxe5 Qf7 31. f3 Rf8 32. Rf1 Rae8 33. Re4 Qf5 34.
Qg2 Qg6 35. Kc1 Rf6 36. Rfe1 Ref8 37. R1e3 Qf7 38. Qe2 Rxf3 39. Rxe6 Rf1+ 40.
Kd2 Rf2 41. Re7 Rxe2+ 42. Rxe2 Qxc4 0-1

[Event "Campeonato de Europa 2011 Femenino"]
[Site "Tbilisi GEO"]
[Date "2011.05.15"]
[Round "8.61"]
[White "Gogishvili, Dea"]
[Black "Novkovic, Julia"]
[Result "1-0"]
[WhiteElo "1856"]
[BlackElo "2120"]
[PlyCount "125"]
[EventDate "2011.05.07"]
[EventType "swiss"]
[EventRounds "11"]
[EventCountry "GEO"]
[Source "lmi"]
[SourceDate "2011.05.07"]

1. e4 c5 2. c3 d5 3. exd5 Qxd5 4. d4 Nf6 5. Nf3 e6 6. Be2 Nc6 7. O-O Be7 8. c4
Qd8 9. Be3 cxd4 10. Nxd4 Nxd4 11. Bxd4 O-O 12. Nc3 Bd7 13. a3 Bc6 14. b4 b6 15.
Qd3 Rc8 16. Rfd1 Qc7 17. Rac1 e5 18. Be3 Qb7 19. Nd5 Nxd5 20. cxd5 Ba4 21. Re1
Qd7 22. Qe4 Bd6 23. Rxc8 Qxc8 24. Rc1 Qe8 25. Qc4 Bd7 26. Qa6 Qa8 27. Bb5 Bc8
28. Qa4 Qxd5 29. Bc6 Qa2 30. Rd1 Bb8 31. Bd5 Qb2 32. Rc1 Bf5 33. Qa6 e4 34. g3
Qf6 35. Qb7 Qg6 36. Rc6 Qg4 37. Rc1 Qg6 38. Rc6 Qh5 39. Rc1 Re8 40. Bc4 h6 41.
Bf1 Bh3 42. Bxh3 Qxh3 43. a4 h5 44. a5 h4 45. Qc6 Rd8 46. Qxe4 hxg3 47. hxg3
bxa5 48. bxa5 Qd7 49. Kg2 Re8 50. Qf3 Be5 51. Rb1 Re7 52. Bc5 Bd6 53. Rd1 Re6
54. Qd5 Rh6 55. Bxd6 Qh3+ 56. Kg1 Rh5 57. Qa8+ Kh7 58. Qe4+ g6 59. Bb4 Qh2+ 60.
Kf1 Rf5 61. Qg2 Qh6 62. Kg1 Qg7 63. g4 1-0

[Event "Campeonato de Europa 2011 Femenino"]
[Site "Tbilisi GEO"]
[Date "2011.05.15"]
[Round "8.62"]
[White "Rizhamadze, Patman"]
[Black "Kobeshavidze, Lika"]
[Result "1-0"]
[WhiteElo "2052"]
[BlackElo "1988"]
[PlyCount "129"]
[EventDate "2011.05.07"]
[EventType "swiss"]
[EventRounds "11"]
[EventCountry "GEO"]
[Source "lmi"]
[SourceDate "2011.05.07"]

1. d4 d5 2. Nf3 Nf6 3. c4 e6 4. Nc3 Be7 5. Bg5 c6 6. e3 O-O 7. Bd3 Nbd7 8. O-O
dxc4 9. Bxc4 b5 10. Bd3 Bb7 11. Qe2 a6 12. Rfd1 Rc8 13. e4 Nh5 14. Bxe7 Qxe7
15. Bc2 c5 16. dxc5 Nxc5 17. Nd4 Qg5 18. Nf3 Qe7 19. a3 Nf4 20. Qe3 Ng6 21. Rd2
Nd7 22. Qd4 Rfd8 23. Rad1 Bc6 24. Qa7 Ra8 25. Qc7 Rac8 26. Qd6 Qf6 27. Bb1 Re8
28. Ba2 Nde5 29. Nxe5 Nxe5 30. Qd4 h5 31. Ne2 Qg5 32. Kh1 Ng4 33. h3 Nf6 34. f3
h4 35. Nc3 Nh5 36. Ne2 Kh8 37. Qd6 Kh7 38. Bb1 e5 39. Ba2 Rf8 40. Qd3 Ba8 41.
Qd7 Bc6 42. Qa7 Ng3+ 43. Kg1 Rfd8 44. Bd5 Bxd5 45. exd5 Nf5 46. Nc3 Nd4 47. Rf2
Nf5 48. Re1 Ng3 49. Qxa6 Nh5 50. Qxb5 Nf4 51. Kf1 Qg3 52. Ne2 Qh2 53. Nxf4 exf4
54. Rfe2 Rd6 55. Re5 Qh1+ 56. Kf2 Rc2+ 57. R1e2 Rc1 58. Qd3+ g6 59. Re1 Rxe1
60. Rxe1 Qh2 61. Re4 Qg3+ 62. Kf1 Qg5 63. Rd4 Rd8 64. Qe4 Qf6 65. Qxf4 1-0

[Event "Campeonato de Europa 2011 Femenino"]
[Site "Tbilisi GEO"]
[Date "2011.05.15"]
[Round "8.63"]
[White "Guliyeva, Sabina Ilqar qizi"]
[Black "Trapaidze, Lizi"]
[Result "1-0"]
[WhiteElo "2040"]
[BlackElo "1744"]
[PlyCount "55"]
[EventDate "2011.05.07"]
[EventType "swiss"]
[EventRounds "11"]
[EventCountry "GEO"]
[Source "lmi"]
[SourceDate "2011.05.07"]

1. e4 c5 2. Nf3 a6 3. d4 cxd4 4. Nxd4 Nf6 5. Nc3 e5 6. Nf5 d5 7. Ng3 Bb4 8. Bd2
dxe4 9. Ncxe4 Bxd2+ 10. Qxd2 Qxd2+ 11. Nxd2 O-O 12. Bd3 Nc6 13. a3 Nd5 14. Ne2
Kh8 15. c4 Nb6 16. O-O-O f5 17. f3 Be6 18. b3 Nd7 19. Rhe1 Nc5 20. Bc2 Rad8 21.
Nb1 b5 22. b4 Rxd1+ 23. Rxd1 Bxc4 24. bxc5 Bxe2 25. Rd6 Nd4 26. c6 Nxc2 27. c7
Nd4 28. Rd8 1-0

[Event "Campeonato de Europa 2011 Femenino"]
[Site "Tbilisi GEO"]
[Date "2011.05.15"]
[Round "8.64"]
[White "Tedoshvili, Ana"]
[Black "Javakhishvili, Mariam"]
[Result "1/2-1/2"]
[WhiteElo "1469"]
[BlackElo "1491"]
[PlyCount "75"]
[EventDate "2011.05.07"]
[EventType "swiss"]
[EventRounds "11"]
[EventCountry "GEO"]
[Source "lmi"]
[SourceDate "2011.05.07"]

1. d4 d5 2. c4 e6 3. a3 Nf6 4. Bf4 Bd6 5. Bxd6 Qxd6 6. e3 dxc4 7. Bxc4 a6 8.
Nf3 b5 9. Bd3 Bb7 10. Nc3 O-O 11. h3 c5 12. dxc5 Qxc5 13. Qe2 Nbd7 14. O-O h6
15. Rac1 Qd6 16. Rfd1 Qe7 17. Bc2 Nb6 18. Bb3 Nbd5 19. Nxd5 Nxd5 20. Bxd5 Bxd5
21. e4 Bb3 22. Re1 Bc4 23. Qe3 e5 24. b3 Be6 25. b4 Qf6 26. Rc5 Rac8 27. Rec1
Rxc5 28. Rxc5 Rd8 29. Qc1 Bxh3 30. Nxe5 Be6 31. Nc6 Rd3 32. Ne5 Rd4 33. Qe1 Qh4
34. Nf3 Rxe4 35. Nxh4 Rxe1+ 36. Kh2 Ra1 37. Rc3 Ra2 38. Kg3 1/2-1/2

[Event "Campeonato de Europa 2011 Femenino"]
[Site "Tbilisi GEO"]
[Date "2011.05.15"]
[Round "8.65"]
[White "Soyunlu, Narmin Asat qizi"]
[Black "Gumberidze, Nino"]
[Result "1/2-1/2"]
[WhiteElo "1884"]
[BlackElo "1664"]
[PlyCount "83"]
[EventDate "2011.05.07"]
[EventType "swiss"]
[EventRounds "11"]
[EventCountry "GEO"]
[Source "lmi"]
[SourceDate "2011.05.07"]

1. d4 Nf6 2. c4 e6 3. Nc3 Bb4 4. g3 d5 5. Bg2 c5 6. cxd5 exd5 7. Nf3 O-O 8. O-O
h6 9. Qc2 Nc6 10. Rd1 Bxc3 11. bxc3 c4 12. Nd2 Re8 13. e4 Nxe4 14. Nxe4 Bf5 15.
f3 Bh7 16. Ba3 dxe4 17. fxe4 Qg5 18. Qe2 Qa5 19. Qb2 Bxe4 20. Bxe4 Rxe4 21.
Qxb7 Ree8 22. Bd6 Qb6 23. Qxb6 axb6 24. a4 Na5 25. Bc7 Nb3 26. Ra2 Re3 27. d5
Rd3 28. Rxd3 cxd3 29. d6 d2 30. Rxd2 Nxd2 31. d7 Ne4 32. Bxb6 Nc5 33. d8=Q+
Rxd8 34. Bxd8 Nxa4 35. Ba5 f5 36. Kf2 Kf7 37. Ke3 Ke6 38. Kd4 Nb2 39. Bb4 Nd1
40. Kc5 Nf2 41. Kb6 Ng4 42. h4 1/2-1/2

[Event "Campeonato de Europa 2011 Femenino"]
[Site "Tbilisi GEO"]
[Date "2011.05.16"]
[Round "9.1"]
[White "Cmilyte, Viktorija"]
[Black "Cramling, Pia"]
[Result "1-0"]
[WhiteElo "2504"]
[BlackElo "2468"]
[PlyCount "123"]
[EventDate "2011.05.07"]
[EventType "swiss"]
[EventRounds "11"]
[EventCountry "GEO"]
[Source "lmi"]
[SourceDate "2011.05.07"]

1. d4 Nf6 2. c4 e6 3. Nc3 Bb4 4. Qc2 c5 5. dxc5 O-O 6. a3 Bxc5 7. Nf3 Nc6 8.
Bg5 Nd4 9. Nxd4 Bxd4 10. e3 Qa5 11. exd4 Qxg5 12. Qd2 Qxd2+ 13. Kxd2 b6 14. f3
Ba6 15. a4 d5 16. cxd5 Bxf1 17. Rhxf1 exd5 18. Rfe1 Rfe8 19. Rxe8+ Rxe8 20. a5
Kf8 21. Nb5 bxa5 22. Rxa5 Rb8 23. Kc2 Re8 24. Kd2 Rb8 25. Kc3 a6 26. Nc7 Rb7
27. Nxa6 Re7 28. Kd2 h5 29. Nc5 g5 30. b4 Ne8 31. Nd3 Nc7 32. b5 Ne6 33. Ra4
Rb7 34. Rb4 Ke7 35. Nc5 Rb6 36. Na4 Rb8 37. Nc3 Kd6 38. g3 h4 39. gxh4 gxh4 40.
Ra4 Nc7 41. Rb4 Na8 42. Na4 Nb6 43. Nxb6 Rxb6 44. Rb2 Kc7 45. Rc2+ Kb7 46. Rc5
Rg6 47. Rxd5 Rg2+ 48. Ke3 Kb6 49. Kf4 Rxh2 50. Kg4 h3 51. Kg3 Rh1 52. Rf5 Rd1
53. Kxh3 Rxd4 54. Kg3 Rb4 55. Rxf7 Rxb5 56. Rd7 Kc6 57. Rd8 Kc7 58. Rd4 Rb8 59.
f4 Rg8+ 60. Kh4 Kc6 61. f5 Kc5 62. Rd1 1-0

[Event "Campeonato de Europa 2011 Femenino"]
[Site "Tbilisi GEO"]
[Date "2011.05.16"]
[Round "9.3"]
[White "Danielian, Elina"]
[Black "Kosintseva, Tatiana"]
[Result "1/2-1/2"]
[WhiteElo "2506"]
[BlackElo "2559"]
[PlyCount "88"]
[EventDate "2011.05.07"]
[EventType "swiss"]
[EventRounds "11"]
[EventCountry "GEO"]
[Source "lmi"]
[SourceDate "2011.05.07"]

1. d4 Nf6 2. Nf3 e6 3. c4 d5 4. Nc3 Bb4 5. cxd5 exd5 6. Bg5 Nbd7 7. Qc2 c5 8.
g3 cxd4 9. Nxd4 Qb6 10. Rd1 Ne4 11. Be3 Qg6 12. Rc1 Nb6 13. Bg2 Bxc3+ 14. bxc3
Nc4 15. Bf4 O-O 16. O-O b6 17. f3 Nc5 18. Rfd1 Bb7 19. Qxg6 hxg6 20. Kf2 f6 21.
Nb5 Ne6 22. Bh3 f5 23. Nd4 Nc5 24. Bf1 Rac8 25. h4 Kf7 26. h5 Rh8 27. hxg6+
Kxg6 28. Nb5 Ne6 29. Bg2 Kf6 30. Nd4 Nc5 31. Rh1 g5 32. Be3 Kg6 33. Nc2 Ne6 34.
Bd4 Rxh1 35. Rxh1 Nd6 36. Ne3 Nxd4 37. cxd4 f4 38. gxf4 gxf4 39. Ng4 Nf7 40.
Ne5+ Nxe5 41. dxe5 Re8 42. Rh4 Rxe5 43. Rxf4 Ba6 44. e3 Bc4 1/2-1/2

[Event "Campeonato de Europa 2011 Femenino"]
[Site "Tbilisi GEO"]
[Date "2011.05.16"]
[Round "9.6"]
[White "Kosintseva, Nadezhda"]
[Black "Savina, Anastasia"]
[Result "1-0"]
[WhiteElo "2567"]
[BlackElo "2389"]
[PlyCount "63"]
[EventDate "2011.05.07"]
[EventType "swiss"]
[EventRounds "11"]
[EventCountry "GEO"]
[Source "lmi"]
[SourceDate "2011.05.07"]

1. e4 e5 2. Nf3 Nc6 3. Bb5 Nf6 4. Qe2 Bc5 5. c3 d6 6. d4 exd4 7. cxd4 Bb4+ 8.
Bd2 O-O 9. Bxc6 Bxd2+ 10. Nbxd2 bxc6 11. O-O Re8 12. Rfe1 Rb8 13. b3 Bf5 14. e5
Nd5 15. Nc4 Bg4 16. h3 Bh5 17. Rac1 Qd7 18. Ncd2 c5 19. dxc5 Nf4 20. Qe3 dxe5
21. Nxe5 Rxe5 22. Qxe5 Nd3 23. c6 Qd8 24. Qxh5 Nxc1 25. Nf3 Nxa2 26. Ng5 h6 27.
Qxf7+ Kh8 28. Ne6 Qg8 29. Qxc7 Nb4 30. Qd7 Re8 31. c7 Na6 32. Rc1 1-0